000 00519nam a2200193Ia 4500
001 22507
003 GE_BSU
008 181216s||||||||xx |||||||||||||| ||und||
040 _cGE_BSU
080 _aპერიოდიკა
245 _aParis Match, du 26 avril au 2 mai. №3598. 2018
260 _aParis
260 _c2016
300 _a110p. 30 cm. ill.
653 _aParis Match, du 26 avril au 2 mai. №3598. 2018
653 _aПериодика
653 _aპერიოდიკა
942 _cCR
999 _c55425
_d55425